|
|
|
|
| LEADER |
00000nam a2200000 a 4500 |
| 001 |
vtls001285574 |
| 003 |
SK-MaSNL |
| 005 |
20260301195623.0 |
| 008 |
240314s1932 xo 0 und |
| 035 |
|
|
|a SNK000237095
|
| 040 |
|
|
|a SNK
|b slo
|c SNK
|e AACR2
|
| 044 |
|
|
|a xo
|c SK
|
| 100 |
1 |
|
|a Brezány, A.,
|d 1909-1992
|4 aut
|9 227990
|
| 245 |
1 |
0 |
|a Krvavé kulisy
|
| 260 |
|
|
|a Žilina
|b Literárna družina "Postup"
|c 1932
|
| 300 |
|
|
|a 28 s.
|
| 999 |
|
|
|c 886613
|d 888543
|
| 952 |
|
|
|t P60, <04>, [BOOK], {604}
|a SNK
|b SNK
|y VYP
|7 0
|p 17A0065895
|o snkSD 3446/1 D1
|0 0
|1 0
|4 0
|d 1997-05-05
|l 0
|r 2005-01-02 00:00:00
|w 2026-02-24
|
| 952 |
|
|
|t P60, <03>, [BOOK], {603}
|a SNK
|b SNK
|y PREZ
|7 0
|p 17A0177357
|o snkSD 3446/1
|i snk940/38
|0 0
|1 0
|4 0
|d 1999-03-04
|l 0
|r 2025-11-06 00:00:00
|w 2026-02-24
|
| 952 |
|
|
|a SNKLM
|b SNKLM
|y NEVYP
|7 0
|o snklmMK 4464
|8 3
|0 0
|1 0
|4 0
|d 2006-07-18
|l 0
|r 2026-02-24 06:32:34
|w 2026-02-24
|